000 00725cab a2200253 4500
001 WB3147-43
008 090401t1995 xxu||||| |||| 00| 0 eng d
035 _a(Sirsi) u51553
041 _aeng
245 _aCBI changes tack on roads
260 _c1995
350 _a0
490 _aDaily Telegraph
_v11 December 1995, 27(1)
520 _aA CBI report recognises that the needs of businesses should take into account the impact of transport growth.
650 _aCOSTS
650 _aENVIRONMENTAL DAMAGE
650 _aGOVERNMENT POLICY
650 _aROAD PRICING
650 _aTRAFFIC CONGESTION
650 _aTRANSPORT POLICY
690 _aTRANSPORT AND COMMUNICATIONS
942 _n0
948 _c04/03/1997
999 _c32005
_d32005